| 000 | 00000nam##2200000za#4500 |
| 001 | 9.695626 |
| 003 | CaOODSP |
| 005 | 20210624234648 |
| 007 | cr ||||||||||| |
| 008 | 150407|2001||||xxc|||||o f|0| 0 eng|d |
| 040 | |aCaOODSP|beng |
| 043 | |an-cn--- |
| 086 | 1 |aCi51-99/2001E-PDF |
| 110 | 1 |aCanada. |bCitizenship and Immigration Canada. |
| 245 | 10|aCitizenship and Immigration Canada : |h[electronic resource]|bserving Canada and the world |
| 246 | 1 |iVariant title : |aServing Canada and the World |
| 260 | |aOttawa - Ontario : |bCitizenship and Immigration Canada |cc2001. |
| 300 | |a10p.|bphotographs |
| 500 | |aThe catalogue number (Ci51-99/2001) and ISBN (0-662-65430-7) for the bilingual print edition have been incorrectly copied in this electronic publication. |
| 590 | |a12-18-Supp|b2012-04-25 |
| 690 | 07|aGovernment services|2gcpds |
| 690 | 07|aImmigration|2gcpds |
| 775 | 08|tCitoyenneté et immigration Canada : |w(CaOODSP)9.639758 |
| 776 | 0#|tServing Canada and the world |w(CaOODSP)9.662429 |
| 776 | 0#|tAu service du Canada et du monde |w(CaOODSP)9.662430 |
| 856 | 40|ahttp://publications.gc.ca|qPDF|s599 KB|uhttps://publications.gc.ca/collections/Collection/CI51-99-2001E.pdf |
| 986 | |aC&I-419-07-01 |